000 00987nam a2200229Ii 4500
003 JO-AjNU
008 230605s9999||||xx |||||||||||||| ||und||
017 _a2000/3/650
040 _aJO-AjNU
_bara
_erda
_cJO-AjNU
041 _aara
050 1 4 _aPJ3081 .A2296 2000
100 3 _aعبابنة، يحيى,
_eauthor
_946086
245 0 0 _aاللغة المؤابية في نقش ميشع: دراسة صوتية صرفية دلالية مقارنة في ضوء الفصحى واللغات السامية
250 _aط1
264 3 1 _aالكرك: جامعة مؤتة، عمادة البحث العلمي والدراسات العليا، 2000
300 _a222ص
336 _atext
_btxt
_2rdacontent
337 _aunmediated
_bn
_2rdamedia
338 _avolume
_bnc
_2rdacarrier
490 0 _a جامعة مؤتة، عمادة البحث العلمي والدراسات العليا؛ 55
650 4 _aاللغات السامية - تاريخ - اللغات المقارنة
_946087
999 _aA20024
_c23592
_d23592